000 00890nam a22001577a 4500
008 180416b xxu||||| |||| 00| 0 eng d
050 _aGV361. V6
100 _aVoltmer, Edward F.
245 _aThe organization and administration of physical education. /
250 _a3rd ed.
260 _aNew York :
_bAppleton-Century-Crofts, Inc.,
_c1958.
300 _axiii, 558 p. :
_cill. ;
_b22 cm.
500 _aIncludes appendix and index.
505 _aContents: The place of physical education in education -- Aims and objectives of physical education - Administrative policies and activities -- The physical education service program -- The physical education staff -- School health education -- The physical education plant -- Interschool athletics -- Intramural athletics -- Students leaders in physical education --Physical class details -- Budget making and finance.
942 _2lcc
_cBK
999 _c6560
_d14060